[Event "XVIII Najdorf Open 2018"]
[Site "Warsaw"]
[Date "2018.07.15"]
[Round "8"]
[White "Chyzy, Jakub"]
[Black "Gurvich, Vitaly"]
[Result "0-1"]
[WhiteElo "2100"]
[BlackElo "2274"]
[Annotator "TA"]
[PlyCount "82"]
[EventDate "2018.07.08"]
[EventCountry "POL"]
[SourceTitle "playchess.com"]
[Source "ChessBase"]
[SourceQuality "1"]

{[%evp 13,82,20,20,-9,-7,-20,0,0,7,35,28,0,0,0,0,-69,-61,-44,-35,-87,-79,-86,-31,-76,-61,-99,-35,-96,-105,-122,-116,-130,-94,-111,-66,-73,-73,-76,-58,-57,-60,-105,-90,-116,-112,-120,-60,-233,-211,-259,-7,-59,37,0,0,0,0,-135,-56,-97,-4,-66,-56,-75,-8,-64,-32,-472,-460,-1217,-1194]} 1. e4 c6 2. d4 d5 3. e5 Bf5 4. Nf3 e6 5. a3 {[%cal Ba2a3,Ba3a4][%mdl 32]} Nd7 6. Be2 h6 {B12: Caro-Kann: Advance Variation} (6... Ne7 7. Nbd2 Nc8 8. O-O Be7 9. Ne1 Bg6 10. Nd3 O-O 11. Nf4 c5 12. Nxg6 hxg6 13. c3 a5 14. Bd3 {1-0 (27) Popovic,D (2561)-Pikula,D (2525) Vrnjacka Banja 2012}) 7. O-O Ne7 {LiveBook: 32 Games} 8. b4 a5 $146 {The position is equal.} ({Predecessor:} 8... Nc8 9. Be3 Ncb6 10. c3 Be7 11. h3 O-O 12. Nbd2 Qc7 13. c4 dxc4 14. Nxc4 Nxc4 15. Bxc4 {½-½ (50) Welling,H (1390)-Goihl,A (1486) Germany 2011}) 9. bxa5 Qxa5 10. a4 Bg4 11. Nbd2 Nf5 12. Nb3 Qc7 13. c3 Be7 14. Ne1 (14. Nbd2 $11) 14... Bxe2 $15 15. Qxe2 c5 {[%cal Bc6c5,Bc5c4][%mdl 32]} 16. Nf3 (16. dxc5 $15 Qxe5 17. Qxe5 Nxe5 18. Nd4) 16... c4 $17 17. Nbd2 {[#]} h5 (17... b5 $1 $17 {[%mdl 512]} 18. g4 (18. axb5 Rxa1) 18... Nh4 19. Nxh4 Bxh4) 18. Bb2 Qc6 19. Qd1 g5 (19... Ra5 $17) 20. Kh1 ({White must play} 20. Ba3 $1 $15) 20... g4 21. Ng1 f6 22. exf6 Bxf6 23. Re1 Bg5 24. Nf1 O-O-O $36 {[%mdl 2048] Keeping White busy.} 25. Bc1 Bxc1 26. Qxc1 {[#]} e5 $1 {[%mdl 512]} 27. Qc2 (27. dxe5 Nc5) 27... Rhf8 28. Ne3 Nxe3 29. fxe3 Nf6 ({Black should play} 29... exd4 $17 30. exd4 Nf6) 30. Ne2 $2 (30. Qf5+ $15 Qd7 31. Qxd7+ Rxd7 32. dxe5) 30... Ne4 $19 31. dxe5 Qg6 $2 (31... Rf2 $19 {Strongly threatening ...d4!} 32. Kg1 Qc5) 32. Kg1 (32. Qb1 $11) 32... Qb6 (32... Rf2 $15 33. Qd1 h4) 33. Nd4 Rf2 34. Re2 Rdf8 35. Rae1 (35. a5 $11 Qg6 36. a6 Qxa6 37. Qb2) 35... Rxe2 (35... Qg6 $17 36. Rxf2 Rxf2) 36. Rxe2 $15 Re8 (36... Qg6 $17) 37. Re1 (37. e6 $11) 37... Rxe5 38. Rf1 {[#]} Qh6 ({Better is} 38... Re8 $1 $17) 39. Qc1 (39. Rf4 $11) 39... Nc5 40. Rf4 $2 {[%mdl 8192]} (40. Nc2 $15) 40... Nd3 $19 41. Qa3 {[#]} (41. Qf1 $142 Nxf4 42. exf4) 41... Qxf4 $1 {[%mdl 512] Precision: White = 31%, Black = 45%.} 0-1

[Event "XVIII Najdorf Open 2018"]
[Site "Warsaw"]
[Date "2018.07.15"]
[Round "8"]
[White "Zaleski, Lukasz"]
[Black "Walter, Szymon"]
[Result "0-1"]
[WhiteElo "2029"]
[BlackElo "2296"]
[Annotator "TA"]
[PlyCount "72"]
[EventDate "2018.07.08"]
[EventCountry "POL"]
[SourceTitle "playchess.com"]
[Source "ChessBase"]
[SourceQuality "1"]

{[%evp 15,72,20,33,12,21,-14,20,0,20,-19,0,0,10,5,29,-3,10,19,30,25,49,45,72,66,62,62,52,47,46,23,60,56,57,30,188,-4,-10,-31,-25,-87,-88,-439,-445,-408,-337,-526,-536,-497,-493,-548,-547,-1161,-1049,-1889,-1842,-1855,-1829,-1745,-1694]} 1. e4 c5 2. Nf3 d6 3. Bb5+ Nc6 4. O-O Bd7 5. c3 Nf6 6. Qe2 {B51: Sicilian: Moscow Variation (3 Bb5+) without 3...Bd7} (6. d4 Nxe4 7. d5 Ne5 8. Na3 Nf6 9. Bg5 Bxb5 10. Nxb5 a6 11. Na3 g6 12. Nxe5 dxe5 13. d6 Bg7 {1-0 (29) Sutovsky,E (2683)-Piorun,K (2640) Heraklio 2017}) 6... a6 7. Ba4 b5 8. Bc2 e5 {LiveBook: 6 Games} 9. h3 Be7 10. a4 Rb8 $146 ({Predecessor:} 10... b4 11. d4 cxd4 12. cxd4 exd4 13. Nbd2 Be6 {½-½ (48) Nadyrhanov,S (2480)-Lobzhanidze,D (2375) Cherkessk 1997}) 11. axb5 axb5 {[%cal Ba6b5,Bb5b4][%mdl 32]} 12. Na3 b4 13. Nc4 O-O 14. Rd1 Qc7 15. d3 b3 16. Bb1 Be6 17. Ra3 d5 18. exd5 Bxd5 19. Nfxe5 Nxe5 20. Qxe5 Qd7 {[#] Hoping for ...Bxc4.} 21. Re1 Rfe8 {And now ...Bf8 would win.} 22. Be3 Bc6 23. Qg3 Bd5 24. Ra6 Ne4 $2 (24... Rbd8 $11 {and Black stays safe.}) 25. Qh2 $2 ({Don't play} 25. dxe4 $6 Bxc4 26. Ra3 Ra8 $16) (25. Ne5 $18 Nxg3 26. Nxd7) 25... Bxc4 $1 $11 26. dxc4 Bd6 27. Rxd6 (27. g3 $11) 27... Qxd6 $17 28. g3 $2 {[%mdl 8192]} ({Don't go for} 28. Bf4 $2 {[#]} Nxc3 $1 {[%mdl 512]} 29. Be3 (29. Rxe8+ $2 Rxe8 30. Bd2 Qxd2 $19) 29... Qxh2+ 30. Kxh2 Na4 $19) (28. Qxd6 $17 Nxd6 29. Bd3) 28... Nd2 $19 29. Qg2 {Black should prevent Rd1.} Nxc4 30. Qf3 (30. Be4 $142 Nxe3 31. fxe3) 30... Nxe3 {Black is clearly winning.} 31. fxe3 Qd2 32. Qf2 Rbd8 33. Re2 Qc1+ 34. Re1 Rd1 35. Rxd1 Qxd1+ 36. Qf1 Rd8 {Precision: White = 10%, Black = 45%.} 0-1

[Event "XVIII Najdorf Open 2018"]
[Site "Warsaw"]
[Date "2018.07.16"]
[Round "9"]
[White "Salem, AR Saleh"]
[Black "Wieczorek, Oskar"]
[Result "1/2-1/2"]
[WhiteElo "2642"]
[BlackElo "2469"]
[Annotator "TA"]
[PlyCount "86"]
[EventDate "2018.07.08"]
[EventCountry "POL"]
[SourceTitle "playchess.com"]
[Source "ChessBase"]
[SourceQuality "1"]

{[%evp 32,86,67,58,64,68,59,73,76,76,75,61,82,81,89,68,91,74,92,65,56,-25,-7,-18,-20,-124,-115,-122,-120,-185,-177,-179,-182,-181,-171,-172,-141,-247,-235,-219,-216,-236,-233,-200,-172,-571,-541,-777,-825,-790,-784,-743,-720,-677,0,0,0]} 1. Nf3 c5 2. c4 Nf6 3. Nc3 g6 4. e4 Bg7 5. d4 cxd4 6. Nxd4 d6 7. Be2 Nc6 8. Be3 O-O 9. O-O Bd7 10. Qd2 Nxd4 11. Bxd4 Bc6 12. f3 a5 13. b3 Nd7 14. Be3 Nc5 15. Rab1 e6 16. Bd1 {B38: Sicilian: Maroczy Bind with 5...Bg7 and 7...0-0} (16. a3 Be5 17. b4 axb4 18. axb4 Ra3 19. bxc5 Rxc3 20. f4 Bg7 21. e5 dxe5 22. Qxc3 exf4 23. Qd2 Qg5 {0-1 (43) Bu,X (2730)-Savchenko,B (2566) Riadh 2017}) 16... f5 17. exf5 {LiveBook: 3 Games} gxf5 18. Bc2 {White is slightly better.} f4 $146 ({Predecessor:} 18... Qf6 19. Ne2 e5 20. Nc3 Kh8 21. Nd5 Bxd5 22. Qxd5 Bh6 23. Bf2 Rad8 {1-0 (50) Jakovljevic,V (2402)-Milanovic,S (2418) Ulcinj 2014}) 19. Bf2 Qg5 20. Kh1 (20. Qxd6 Bxf3 21. g3 Qh5 $17) 20... Be5 21. Rfe1 Qg7 22. Ne2 Kh8 23. Nd4 Rg8 {[%csl Gg8][%cal Rg7g2]} 24. Rg1 (24. Bg1 {seems wilder.} Bd7 25. Re2 Rgc8 26. Rd1 Qf6 27. a3) 24... Raf8 {[%cal Ba8f8,Bf8f6,Bf6h6,Bh6h5][%mdl 32]} 25. Rbe1 Bd7 26. a3 (26. Rxe5 $14 dxe5 27. Ne2) 26... Rf6 $1 $11 {[%cal Rf6h6]} 27. h3 (27. Qxa5 $2 Rh6 $19) 27... Rh6 28. Rxe5 (28. Nb5 $1 $11 {remains equal.} Bc6 29. Qe2) 28... dxe5 $17 29. Ne2 Bc6 {White must now prevent ...Bxf3!} 30. Qc3 (30. Bxc5 {is a self mate.} Bxf3 $1 {[%mdl 512]} 31. Bf5 exf5 32. Nxf4 exf4 33. Re1 Bxg2+ 34. Kg1 Bxh3+ 35. Kh1 Bf1+ 36. Qh2 Qg2#) (30. Kh2 $17 a4 31. bxa4 (31. Bxc5 Bxf3 32. b4 Qxg2+ 33. Rxg2 Rxg2+ 34. Kh1 Rxh3#)) 30... Nd7 $19 31. Kh2 Rh5 32. g4 fxg3+ $1 33. Rxg3 Qh6 34. Qxa5 (34. b4 $17 Rxg3 35. Bxg3 Rxh3+ 36. Kg2) 34... Rxg3 35. Bxg3 b6 ({Much less strong is} 35... Bxf3 36. Qd8+ Nf8 37. Ng1 $17) 36. Qc3 Rxh3+ 37. Kg2 Rh1 {And now ...Qh3+ would win.} 38. Kf2 $2 (38. Ng1 {was the crucial defense.}) 38... Qh3 39. Ng1 {[#]} Rxg1 $1 {[%mdl 512]} 40. Bxe5+ (40. Kxg1 Qxg3+) 40... Nxe5 41. Qxe5+ Rg7 42. Qb8+ {[#]} Rg8 $2 ({Black should play} 42... Be8 $1 $19 43. Qxe8+ Rg8) 43. Qe5+ $11 Rg7 {Precision: White = 37%, Black = 85%.} 1/2-1/2

[Event "XVIII Najdorf Open 2018"]
[Site "Warsaw"]
[Date "2018.07.16"]
[Round "9"]
[White "Tomczak, Jacek"]
[Black "Sieciechowicz, Marcin"]
[Result "1-0"]
[WhiteElo "2600"]
[BlackElo "2410"]
[Annotator "TA"]
[PlyCount "63"]
[EventDate "2018.07.08"]
[EventCountry "POL"]
[SourceTitle "playchess.com"]
[Source "ChessBase"]
[SourceQuality "1"]

{[%evp 18,63,28,21,34,17,34,22,27,27,31,24,35,45,52,52,60,41,100,97,93,77,124,131,140,139,147,155,190,185,185,194,233,255,280,258,566,565,485,616,726,625,608,603,646,635,801,795]} 1. e4 c5 2. Nf3 d6 3. d4 cxd4 4. Qxd4 Nc6 5. Bb5 Bd7 6. Qd3 {B53: Sizilianisch (Ungarische Variante)} a6 (6... g6 7. O-O Bg7 8. c4 Nf6 9. Nc3 O-O 10. h3 Rc8 11. Be3 Nb4 12. Qe2 a6 13. Bxd7 Nxd7 14. Rac1 Bxc3 15. Rxc3 Nxa2 {½-½ (28) Malakhov,V (2691)-Safarli,E (2657) Brest 2018}) 7. Bxc6 Bxc6 8. c4 Nf6 {[%cal Bg8f6,Bf6d7,Bd7e5,Be5c6][%mdl 32]} 9. Nc3 g6 10. O-O {LiveBook: 12 Partien} Bg7 11. Nd4 O-O 12. h3 Nd7 13. Be3 Rc8 14. Rac1 Ne5 {[#]} 15. Qe2 $146 Bd7 16. b3 e6 17. Qd2 Qe7 ({Besser ist} 17... f5 $14) 18. f4 $16 {[%cal Bf2f4,Bf4f5][%mdl 32]} Nc6 19. Nde2 Be8 20. Rcd1 Rd8 21. f5 Kh8 22. Bf4 Be5 23. Bh6 Rg8 24. fxe6 Qxe6 {[#]} 25. Nf4 $1 {[%cal Rf4e6]} Qf6 {Droht ...g5 und aus.} 26. Nfd5 Qh4 $2 (26... Qe6 27. Bg5 Rc8 28. Bf6+ Rg7 29. Bxg7+ Bxg7) 27. Bg5 $18 {Weiß steht klar auf Gewinn.} Qg3 28. Ne2 Qh2+ 29. Kf2 f6 30. Be3 f5 31. Rh1 f4 32. Bxf4 {Precision: Weiß = 84%, Schwarz = 28%.} 1-0

[Event "XVIII Najdorf Open 2018"]
[Site "Warsaw"]
[Date "2018.07.16"]
[Round "9"]
[White "Aravindh, Chithambaram VR"]
[Black "Kanarek, Marcel"]
[Result "0-1"]
[WhiteElo "2580"]
[BlackElo "2508"]
[Annotator "TA"]
[PlyCount "84"]
[EventDate "2018.07.08"]
[EventCountry "POL"]
[SourceTitle "playchess.com"]
[Source "ChessBase"]
[SourceQuality "1"]

{[%evp 12,84,-36,-28,-6,-39,-13,-55,-55,-57,-57,-55,-52,-47,-47,-39,-31,-70,-59,-118,-118,-118,-107,-116,-116,-109,-114,-326,-315,-308,-307,-345,-331,-342,-313,-445,-257,-252,-276,-244,-258,-227,-187,-389,-396,-378,-332,-323,-37,-271,-162,-465,-316,-298,-309,-299,-260,-341,-291,-264,-187,-229,-258,-210,-108,-596,-606,-579,-543,-29979,-29979,-29990,-29981,-29986,-29981]} 1. d4 Nf6 2. Bf4 d5 3. Nc3 e6 4. e3 Bb4 5. Bd3 (5. Nge2 Nh5 6. a3 Be7 7. Be5 Nd7 8. g4 Nhf6 9. Bf4 O-O 10. Ng3 c5 11. g5 Ne8 12. h4 {1-0 (47) Rapport,R (2698)-Grischuk,A (2750) chess.com INT 2017}) 5... c5 6. dxc5 {D00: 1 d4 d5: Unusual lines} Nbd7 7. Nge2 {LiveBook: 6 Games} Bxc5 8. O-O {The position is equal.} Nh5 $146 ({Predecessor:} 8... O-O 9. h3 a6 10. Bg3 Re8 11. a3 e5 12. b4 {0-1 (20) Sogorin,V-Volkov,E (1994) ICCF email 2012}) 9. Bb5 Nxf4 10. Nxf4 a6 11. Bxd7+ Bxd7 12. e4 d4 13. Nce2 Bc6 14. Ng3 {[#] With the idea Nxe6!} h5 $1 {[%mdl 512]} 15. Qf3 (15. Nd3 $15 Bb6 16. Ne5) (15. Nfxh5 g6) 15... h4 $36 {[%mdl 2048] Black is in control.} 16. Nge2 {[#]} h3 $1 {[%mdl 512]} 17. Nxh3 Qh4 18. Qf4 Bxe4 19. Ng3 $2 (19. Rac1 $17) 19... Bxc2 $19 20. Qe5 Be7 21. Qc7 d3 22. Rae1 d2 23. Rxe6 (23. Qxc2 $142 dxe1=N 24. Rxe1) 23... d1=Q (23... fxe6 $2 24. Qxc2 Rd8 25. Rd1 $19) (23... Bd3 $142 24. Re2 Bxe2 25. Nxe2 Qg4) 24. Rxd1 Bxd1 25. Nf5 {[%cal Re6e7]} fxe6 26. Nxh4 Bxh4 27. Qxg7 $2 (27. Qxb7 O-O 28. Qe4) 27... O-O-O 28. Nf4 {[#]} Bf3 $1 {[%cal Rd8d1][%mdl 512]} 29. h3 (29. gxf3 Rhg8) 29... Rdg8 $2 (29... Rhg8 $19 30. Qh6 Bc6 31. Qxh4 e5) 30. Qe5 $2 ({Only move:} 30. Qf7 $1 $15) 30... Bd5 (30... Rh6 $142 {Strongly threatening ...Bd8.} 31. g3 Bd8) 31. g4 $2 (31. Nxd5 {is tougher.} exd5 32. g3) 31... Bd8 32. Nxd5 exd5 33. Kg2 Bc7 34. Qd4 Rh7 35. Qxd5 Rgh8 36. g5 Kb8 ({Weaker is} 36... Rxh3 37. g6 $11) 37. Qe6 Rxh3 ({Better is} 37... Rg7 $19 38. Qf5 Rgg8) 38. g6 $2 {[%mdl 8192]} (38. Qxh3 $17 {nothing else works.} Rxh3 39. Kxh3) 38... Rh2+ 39. Kf1 {g7 is the strong threat.} Rf8 40. Kg1 Rfxf2 {Black mates.} 41. Qe3 Re2 42. g7 Rhg2+ {Precision: White = 34%, Black = 54%.} 0-1

[Event "XVIII Najdorf Open 2018"]
[Site "Warsaw"]
[Date "2018.07.16"]
[Round "9"]
[White "Sengupta, Deep"]
[Black "Baskin, Robert"]
[Result "1/2-1/2"]
[WhiteElo "2565"]
[BlackElo "2339"]
[Annotator "TA"]
[PlyCount "68"]
[EventDate "2018.07.08"]
[EventCountry "POL"]
[SourceTitle "playchess.com"]
[Source "ChessBase"]
[SourceQuality "1"]

{[%evp 19,68,24,25,22,39,0,0,0,6,0,12,18,18,16,16,13,16,12,13,13,13,13,8,9,9,8,7,7,11,12,13,2,28,0,0,0,0,1,7,-10,0,0,11,-4,-5,-18,-11,-14,-14,-24,-20]} 1. e4 c5 2. Nf3 d6 3. d4 cxd4 4. Qxd4 a6 5. c4 Nc6 6. Qe3 g6 {B53: Sizilianisch (Ungarische Variante)} (6... Bg4 7. Nd4 g6 8. Nc3 Bg7 9. Nxc6 bxc6 10. h3 Be6 11. Be2 Nf6 12. O-O O-O 13. f4 Qa5 14. Bd2 {1-0 (50) Karjakin,S (2763)-Nepomniachtchi,I (2751) Moscow 2018}) 7. Nc3 Bg7 8. h3 Nf6 9. Be2 O-O 10. O-O Nd7 {LiveBook: 85 Partien} 11. Rb1 a5 12. Na4 b6 $146 ({Vorgänger:} 12... Nde5) 13. b3 Nc5 14. Bb2 Nxa4 15. Bxg7 Kxg7 16. bxa4 Rb8 17. e5 Bf5 18. Rbd1 Qc7 {[%cal Rd6e5]} 19. exd6 exd6 20. Nd4 Nxd4 21. Qxd4+ Kg8 22. Qxd6 Qxd6 23. Rxd6 Rfd8 24. Rfd1 Rxd6 25. Rxd6 $11 {[%mdl 4096] Endspiel KTL-KTL} Bc2 26. f4 Kf8 27. Rd7 Bxa4 28. Rc7 Rd8 29. Bf3 Rd7 30. Rc8+ Kg7 31. Kh2 Rd4 32. Kg3 Bd7 33. Rd8 Kf6 34. Rb8 Rxc4 {Precision: Weiß = 51%, Schwarz = 74%.} 1/2-1/2

[Event "XVIII Najdorf Open 2018"]
[Site "Warsaw"]
[Date "2018.07.16"]
[Round "9"]
[White "Markowski, Tomasz"]
[Black "Mista, Aleksander"]
[Result "1-0"]
[WhiteElo "2561"]
[BlackElo "2595"]
[Annotator "TA"]
[PlyCount "119"]
[EventDate "2018.07.08"]
[EventCountry "POL"]
[SourceTitle "playchess.com"]
[Source "ChessBase"]
[SourceQuality "1"]

{[%evp 15,119,6,11,7,5,0,7,9,13,12,15,6,9,0,74,68,79,79,72,74,72,71,77,35,20,20,27,27,24,22,40,40,32,18,18,16,16,22,20,11,11,16,12,12,27,0,2,0,0,0,0,0,0,0,0,0,0,0,0,0,0,0,0,0,0,0,0,0,0,0,0,0,201,176,268,268,268,268,271,127,0,0,784,692,790,780,768,735,713,627,1669,1493,1416,1309,1522,789,12826,12825,12835,12837,12846,12847,12848,12848,12849,12848]} 1. c4 e6 2. Nf3 d5 3. b3 Nf6 4. Bb2 b6 (4... c5 5. cxd5 exd5 6. g3 d4 7. Bg2 Nc6 8. O-O Be7 9. Na3 O-O 10. e3 Bg4 11. h3 Bh5 12. Re1 Rc8 {½-½ (44) So,W (2778)-Aronian,L (2764) Stavanger 2018}) 5. g3 Bb7 6. Bg2 {A13: English Opening: 1...e6} Bd6 7. cxd5 exd5 8. O-O O-O {LiveBook: 3 Games} 9. Nc3 a6 10. e3 Re8 11. Rc1 Nbd7 12. Qc2 $146 ({Predecessor:} 12. Ne2) 12... Rc8 13. Rfd1 Qe7 14. Qf5 Ne5 {[#]} (14... c5 $11) 15. Nxe5 $1 $16 Qxe5 16. Qxe5 Bxe5 17. Na4 Bxb2 18. Nxb2 c5 19. Rc2 (19. Na4 $5 {[%cal Ra4b6]}) 19... Bc6 20. Bh3 Bd7 21. Bxd7 Nxd7 22. Rdc1 Kf8 23. d4 Ke7 24. dxc5 Rxc5 25. Nd3 Rxc2 26. Rxc2 $11 {[%mdl 4096] Endgame KRN-KRN} Kd6 27. Kg2 Nc5 28. Nf4 Ne6 29. Ne2 Re7 30. f3 f5 31. Rc8 Rc7 32. Rb8 Rc2 33. Kf1 Rxa2 34. Rxb6+ Kd7 35. b4 Ra1+ 36. Kf2 Ra2 {Strongly threatening ...d4.} 37. Ke1 Ra1+ 38. Kd2 Ra2+ 39. Kd3 Ra3+ 40. Kd2 $1 Ra2+ 41. Kd1 Ra3 42. Rb7+ Kc6 43. Re7 $1 {[%cal Re7e6]} Rd3+ $2 (43... Kd6 $11 44. Ra7 g6) 44. Kc1 $18 Rxe3 {[#]} (44... Nc7 {was called for.} 45. Nd4+ (45. Rxg7 Nb5 $16) 45... Kb6) 45. Nd4+ $1 {[%mdl 512]} Nxd4 46. Rxe3 {KR-KN} Kb5 47. f4 (47. Re7 $18) 47... Kxb4 $16 48. Re7 Kc3 $2 {[%mdl 8192]} (48... h5 $11) 49. Rxg7 $18 {White is clearly winning.} h5 50. Rc7+ Kd3 51. Rh7 Ne2+ 52. Kb2 d4 {Black hopes to continue with ...Nc3.} 53. Rxh5 Ke4 54. Rh8 d3 55. Re8+ Kf3 56. Re5 Kg2 57. Rxf5 Kxh2 58. Rd5 Kxg3 59. f5 Nf4 60. Rd6 {Precision: White = 70%, Black = 63%.} 1-0

[Event "XVIII Najdorf Open 2018"]
[Site "Warsaw"]
[Date "2018.07.16"]
[Round "9"]
[White "Smirnov, Anton"]
[Black "Bartel, Mateusz"]
[Result "1-0"]
[WhiteElo "2523"]
[BlackElo "2604"]
[Annotator "TA"]
[PlyCount "79"]
[EventDate "2018.07.08"]
[EventCountry "POL"]
[SourceTitle "playchess.com"]
[Source "ChessBase"]
[SourceQuality "1"]

{[%evp 19,79,31,32,36,42,19,29,0,70,39,55,-31,-8,-30,-26,-41,57,57,51,58,42,62,56,60,164,167,157,155,158,150,147,133,175,52,91,89,163,149,149,148,177,186,185,157,146,138,244,222,285,260,581,583,550,380,662,652,1623,1491,1657,1499,1140,714]} 1. e4 e5 2. Nf3 Nc6 3. Bb5 a6 4. Ba4 Nf6 5. O-O d6 6. Bxc6+ bxc6 {[%cal Bb7c6,Bc6c5][%mdl 32]} 7. d4 exd4 8. Nxd4 c5 9. Nc6 {C79: Spanische Partie (Russische Variante)} Qd7 10. Na5 Qa4 {LiveBook: 3 Partien} 11. Qe1 {Weiß steht etwas besser.} (11. Bd2 Nxe4 12. Nc3 Nxc3 13. Bxc3 Be6 14. Qf3 d5 15. Rfe1 O-O-O 16. b3 Qb5 {½-½ (75) Grischuk,A (2766)-Kramnik,V (2792) Paris 2018}) 11... Be7 (11... Qxe4 $2 12. Qxe4+ Nxe4 13. Re1 $18) (11... Qxc2 12. Nc3 $16) 12. c4 O-O 13. b3 $146 ({Vorgänger:} 13. Nc3) 13... Qe8 (13... Qd7 $11) 14. Bb2 Bd8 15. e5 (15. Nc3 $14) 15... Ng4 $15 16. Qe4 Rb8 {[%cal Rg4e5]} 17. Nc6 f5 (17... Nxf2 $1 $15 18. Rxf2 Bb7) 18. Qd5+ $1 $14 Be6 19. Qf3 $36 {[%mdl 2048] Weiss steht aktiver.} Rb6 20. Nxd8 Qxd8 21. Re1 d5 (21... Re8 $14) 22. h3 $18 dxc4 23. hxg4 fxg4 24. Qg3 cxb3 25. axb3 h5 {[#]} 26. Nc3 (26. Qe3 $1 $18) 26... h4 $14 27. Qe3 {Und La3 würde nun gewinnen.} h3 {[#]} (27... Rxb3 $16 {war nötig.} 28. Ba3 (28. Rxa6 $2 Rxb2 29. Ne4 Qd5 $17) 28... g3) 28. Rad1 $1 $18 {[%cal Rd1d8]} Qa8 {[%csl Gh3][%cal Ra8g2]} 29. Qe4 Qe8 30. Nd5 Qf7 31. Re2 (31. Nxb6 Qxf2+ 32. Kh2 cxb6 $19) 31... Rxb3 32. g3 Rfb8 (32... Qf3 $16 33. Qxf3 (33. Nxc7 h2+ 34. Kxh2 Qxe4 $11) 33... Rbxf3) 33. Bc1 Rb1 {Weiss muss nun ...Lxd5 beachten.} 34. Nf4 Bf5 $2 (34... R1b4 35. Qc6 Re8) 35. e6 Qf6 36. Qe5 Re8 $2 (36... Qxe5 37. Rxe5 Bc2) 37. Qxc7 {Weiß steht klar auf Gewinn.} Bxe6 38. Nxe6 Rxe6 39. Qc8+ Kf7 40. Qd7+ {Precision: Weiß = 63%, Schwarz = 43%.} 1-0

[Event "XVIII Najdorf Open 2018"]
[Site "Warsaw"]
[Date "2018.07.16"]
[Round "9"]
[White "Rozentalis, Eduardas"]
[Black "Zakrzewski, Marek"]
[Result "1-0"]
[WhiteElo "2513"]
[BlackElo "2309"]
[Annotator "TA"]
[PlyCount "75"]
[EventDate "2018.07.08"]
[EventCountry "POL"]
[SourceTitle "playchess.com"]
[Source "ChessBase"]
[SourceQuality "1"]

{[%evp 16,75,25,16,8,18,12,7,27,25,23,25,28,5,9,14,8,18,16,0,0,12,12,22,15,27,26,0,0,0,55,52,89,100,446,420,418,406,392,400,458,461,450,440,488,488,410,249,249,216,978,975,958,917,885,895,29987,1133,29997,29998,29998,29999]} 1. e4 c5 2. Nf3 e6 3. g3 Nc6 4. Bg2 Nf6 5. d3 d6 6. O-O Be7 7. Re1 O-O 8. c3 {[%cal Bc2c3,Bc3d4][%mdl 32]} Bd7 9. a3 {LiveBook: 37 Games. B30: Sicilian: 2...Nc6 3 Bb5, lines without ...g6} h6 $146 ({Predecessor:} 9... b5 10. Nbd2 e5 11. Nf1 Re8 12. h3 Bf8 13. Ne3 g6 14. b4 cxb4 15. axb4 Bg7 16. Bd2 h6 17. Ra6 Bc8 18. Ra3 {½-½ (35) Bauer,C (2621)-Horvath,J (2507) Vaujany 2016}) 10. Nbd2 b5 11. d4 {The position is equal.} cxd4 12. cxd4 Qb6 13. Nb3 d5 14. Ne5 dxe4 15. Nxd7 Nxd7 16. Be3 {Strongly threatening d5.} Bg5 17. Bxg5 hxg5 18. Bxe4 Nf6 19. Bxc6 Qxc6 20. Rc1 Qb6 21. Rc5 g4 22. Qe2 a6 (22... b4 $11) 23. Rg5 $1 $14 Rfd8 24. Qe5 {Black must now prevent Qxf6.} Kf8 $2 {[%mdl 8192] [#]} (24... Ne8 $16 {is more resistant.}) 25. Rxg7 $3 $18 {[%mdl 512]} Kxg7 26. Qg5+ Kf8 {And now ...Ke7 would win.} 27. Qxf6 Qc6 28. Nc5 Rd6 29. Re4 {Rf4 is the strong threat.} Qd5 30. Rxg4 {Intending Rh4 and mate.} Qf5 31. Qh8+ $40 {[%mdl 128] White is out for blood.} Ke7 {[#]} 32. Qh4+ $1 ({Weaker is} 32. Qxa8 Qxg4 33. Qb7+ Ke8 $16) 32... Kf8 $2 (32... Qf6) 33. Rg5 Qb1+ 34. Kg2 Rad8 35. Rh5 {Rh8+ would kill now.} Kg7 36. Qg4+ (36. Ne4 $142 Qxe4+ 37. Qxe4 Rxd4 38. Qe5+ f6 39. Qxe6 R8d7 40. Qe8 Rd2 41. Rh8) 36... Kf8 37. Rh8+ Ke7 38. Qg5+ {Precision: White = 69%, Black = 31%.} 1-0

[Event "XVIII Najdorf Open 2018"]
[Site "Warsaw"]
[Date "2018.07.16"]
[Round "9"]
[White "Klekowski, Maciej"]
[Black "Buksa, Nataliya"]
[Result "1-0"]
[WhiteElo "2511"]
[BlackElo "2337"]
[Annotator "TA"]
[PlyCount "43"]
[EventDate "2018.07.08"]
[EventCountry "POL"]
[SourceTitle "playchess.com"]
[Source "ChessBase"]
[SourceQuality "1"]

{[%evp 13,43,14,27,21,10,16,10,0,0,-9,43,54,60,44,67,65,108,103,141,82,149,101,157,159,256,247,1235,786,1219,1205,2860,2391]} 1. c4 e6 2. Nf3 d5 3. b3 Nf6 4. Bb2 Be7 5. e3 c5 6. Nc3 {A13: Reti-Eröffnung} Nc6 7. cxd5 exd5 {LiveBook: 3 Partien} 8. Bb5 {Weiß hat minimalen Vorteil.} O-O 9. O-O Qb6 {[#] Droht stark ...d4.} 10. Bxc6 Qxc6 11. d4 $146 ({Vorgänger:} 11. Ne5 Qc7 12. d4 a6 13. Rc1 b5 14. Qf3 Bb7 15. a4 b4 {0-1 (32) Kunin,V (2350)-Aleksandrov,A (2606) Moscow 2000}) 11... Bg4 (11... b6 $11) 12. dxc5 $14 Qxc5 13. h3 Bxf3 14. Qxf3 Rac8 15. Rfd1 {[%cal Rc3d5]} Rfd8 16. Rd4 ({Lieber} 16. Rac1) 16... Bd6 ({Günstiger ist} 16... Rc7) 17. Qf5 Bb8 (17... Qa5 $142) 18. Rad1 $16 Qd6 (18... Rc6 $16 19. b4 (19. Nxd5 Nxd5 20. Rxd5 Rxd5 $16) 19... Qe7) 19. Nxd5 $18 Qh2+ $2 (19... Nxd5 20. Rxd5 Qf8) 20. Kf1 {Weiß steht klar auf Gewinn.} Nxd5 21. Rxd5 Rf8 {[#]} 22. Bxg7 $1 {[%mdl 512] Precision: Weiß = 76%, Schwarz = 23%.} 1-0